000 00385nam a22001457a 4500
082 _a894.812
_bMUN/K
100 _aMUNDAKKOD, YOOSUF
245 _aGUNAPADA KADHAKAL
_bKUTIKALKU GUNAPADA KADHAKAL
250 _a1
260 _aTIRURANGADI
_bASHRAFI BOOKS CENTRE
_c2006
300 _a96
520 _aMORAL STORIES FOR CHILDREN
650 _aMALAYALAM SHORT STORIES
_zKERALA
942 _cBK
999 _c1238
_d1238